000 00178nam a22000977a 4500
020 _a9781405213912
082 _a823
_bBAR
245 _aBarbie
563 _aHB
942 _2ddc
_cBK
999 _c614919
_d614919